| 000 | 00668nac a22001691u 4500 | ||
|---|---|---|---|
| 008 | 081009s1969 ua||||||r|| 001 0dara d | ||
| 041 | _aara | ||
| 082 |
_a255 _bب ه ن |
||
| 245 |
_aالمسئولية الجنائية في الفقة الإسلامي : _bدراسة فقهية مقارنة / _cأحمد فتحي بهنسي |
||
| 250 |
_aط2 ، _bمزيدة |
||
| 260 |
_a[القاهرة]: _bمؤسسة الحلبي ،1969 . _c1969 |
||
| 300 |
_a298 ؛ص _c24 سم . |
||
| 504 | _aيحتوي علي ببليوجرافية: ص 183-287 . وفهارس | ||
| 511 | _aCatalogued by: Sara | ||
| 541 |
_aألف باء ؛ _cشراء ؛ |
||
| 942 |
_cBB _k255 ب ه ن _2ddc |
||
| 999 |
_c5590 _d5590 |
||